| 000 | 00459nam a2200169Ia 4500 | ||
|---|---|---|---|
| 003 | SGT | ||
| 020 | _a9789380674117 | ||
| 082 |
_a658 _bCHH |
||
| 100 | _aChhabra,T,N | ||
| 245 | _aFundamentals of management | ||
| 250 | _a2nd Ed. | ||
| 260 |
_bSun India Publicetions _aNew Delhi _c2011 |
||
| 300 | _aVp. | ||
| 650 | _aMANAGEMENT | ||
| 653 | _aNATURE, FUNCTIONS AND MANAGEMENT, FUNCTIONS OF MANAGEMENT , EVOLUTION OF MANAGEMENT THOUGHT | ||
| 942 |
_2ddc _cBK _02 |
||
| 999 |
_c5730 _d5730 |
||